[Event "?"]
[Site "Chess.com iPhone"]
[Date "2025.02.12"]
[Round "?"]
[White "Jonny-Silver2023"]
[Black "Artem_Guk"]
[Result "0-1"]
[GameId "7eaLpIre"]
[WhiteElo "366"]
[BlackElo "1016"]
[Variant "Standard"]
[TimeControl "-"]
[Termination "Normal"]

1. d4 d5 2. c4 Bf5 3. Qb3 e6 4. Qxb7 Nd7 5. Nc3 Rb8 6. Qxa7 Ra8 7. Qb7 Rb8 8. Qc6 Bb4 9. Bf4 e5 10. Bxe5 Ne7 11. Qxc7 Nxe5 12. Qxe5 Ba5 13. b4 Bxb4 14. Qe3 dxc4 15. g4 Bd3 16. exd3 Bxc3+ 17. Kd1 Bxa1 18. dxc4 Qa5 19. Nf3 Qa4+ 20. Kd2 Rb2+ 21. Kd3 Qc2# 0-1